000
00326nam a22001457a 4500
008
230113b ||||| |||| 00| 0 eng d
020
_a
9781452241531
041
_a
eng
080
_2
2013 EDITION
_a
339.9
082
_a
339.9
100
_a
24.1
101
_a
GLOBA
245
_a
GLOBAL ISSUES
_c
PALERMIN S
942
_2
udc
_c
BK
999
_c
59232
_d
59232